000
00303nam a22001337a 4500
008
170713b xxu||||| |||| 00| 0 eng d
020
_a
9780877799306
041
_a
eng
080
_a
038
100
_a
23
101
_a
FJA
245
_a
THE MERIAM WEBSTERS DICTIONARY
_c
MERIAM.B
942
_2
udc
_c
BK
999
_c
20451
_d
20451